00426nam a2200157Ia 4500001000500000005001700005008004100022041000800063082001500071100002300086245010600109260000900215300002800224650000800252654000800260760220260306160507.0260306t2014||||xx |||||||||||||| ||spa|| aESP a352.2bD57 aDente, Bruno,eAUT 0aDecisiones públicas :banálisis y estudio de los procesos de decisión en políticas públicas c2014 a365 páginas :c24 cm. aGEN aCAN